000 00202nam a2200085 4500
001 1239756
005 20251008104400.0
245 _aIŞIK DOĞRUDAN GELİR
_cCEMİL MERİÇ
260 _bİLETİŞİM YAYINLARI
999 _c1239756
_d1239756